000 00189nam a22000977a 4500
041 _aeng
080 _a80
100 _aCawood, F. W.
245 _aNatural Medicines and Cures
999 _c282207
_d282207
942 _cBK